Pensées morales d'Isocrate /

Bibliographic Details
Main Author: Isocrates
Other Authors: Auger, Athanase, 1734-1792
Format: Book
Language:French
Published: Paris : chez Didot l'aîné, et De Bure l'aîné, 1782.
Series:Collection des moralistes anciens
Subjects:

MARC

Tag First Indicator Second Indicator Subfields
LEADER 00000cam a2200000Ma 4500
001 in00002482721
005 20151111040918.0
008 020607s1782 fr 000 0 fre d
035 |a (OCoLC)ocn264336968 
035 |a (OCoLC)264336968 
040 |a CUD  |c CUD  |d TEF  |d TXA  |d UtOrBLW 
049 |a TXAM 
050 1 4 |a BJ1562  |b .I86 1782 
082 0 4 |a 158.1  |2 22 
090 |a PA4217.F7  |b A93 1782 
100 0 |a Isocrates. 
240 1 0 |a Works.  |k Selections.  |l French 
245 1 0 |a Pensées morales d'Isocrate /  |c extraites de ses Œuvres, et traduites par M. l'abbé Auger]. 
246 3 |i Half title :  |a Collection des moralistes anciens 
264 1 |a Paris :  |b chez Didot l'aîné, et De Bure l'aîné,  |c 1782. 
300 |a 144 pages ;  |c (duodecimo). 
336 |a text  |b txt  |2 rdacontent 
337 |a unmediated  |b n  |2 rdamedia 
338 |a volume  |b nc  |2 rdacarrier 
490 0 |a Collection des moralistes anciens 
500 |a The imprint is from the leaf preceding the title-page and containing the series title. 
650 0 |a Conduct of life  |v Quotations, maxims, etc. 
700 1 |a Auger, Athanase,  |d 1734-1792. 
948 |a cataloged  |b h  |c 2011/5/17  |d c  |e hgolay  |f 3:47:23 pm 
994 |a C0  |b TXA 
999 |a MARS 
999 f f |s bc90150f-1480-3ca3-88b7-9004b89b45ed  |i 33798cf2-27d5-3b6a-a5d2-ea36688dc741  |t 0 
952 f f |p noncirc  |a Texas A&M University  |b College Station  |c Cushing Memorial Library & Archives  |d Cushing: Dawson French (Does not check out)  |t 0  |e PA4217.F7 A93 1782  |h Library of Congress classification  |i unmediated -- volume 
952 f f |p noncirc  |a Texas A&M University  |b College Station  |c Cushing Memorial Library & Archives  |d Cushing: Dawson French (Does not check out)  |t 0  |e PA4217.F7 A93 1782  |h Library of Congress classification  |i unmediated -- volume 
998 f f |a PA4217.F7 A93 1782  |t 0  |l Cushing: Dawson French (Does not check out) 
998 f f |a PA4217.F7 A93 1782  |t 0  |l Cushing: Dawson French (Does not check out)